Historias del buen Dios

Saved in:
Bibliografiske detaljer
Hovedforfatter: Rilke, Rainer Maria (Author)
Format: Bog
Sprog:spansk
Udgivet: Santiago Del Pacífico 1956
Fag:
Tags: Tilføj Tag
Ingen Tags, Vær først til at tagge denne postø!

MARC

LEADER 00000nam a2200000 a 4500
001 UCL3460
003 CL-VaPUC
008 031128e19560000CL |||||||||||||||||spa|d
082 0 4 |a 833  |b RIL  |2 21 
100 |a Rilke, Rainer Maria  |e author  |9 265571 
245 1 0 |a Historias del buen Dios 
300 |a 141 p 
942 |c BK 
945 |d 20031128 00:00:00  |a vberengu 
260 |a Santiago  |b Del Pacífico  |c 1956 
650 7 |a CUENTOS ALEMANES  |2 CL-VaPUC  |9 269122 
650 0 |a Literatura alemana   |9 265457 
583 |a last modification  |c 20031128 00:00:00  |k Rodrigo Vera 
999 |c 306498  |d 306496 
952 |0 0  |1 0  |4 0  |6 833_000000000000000_RIL_1956  |7 0  |8 P  |9 371531  |a BIBTEO  |b BIBTES  |c TEO_FTES  |d 2019-11-21  |i 2096102  |o 833 RIL 1956  |p 2096102  |r 2024-01-18  |w 2019-11-21  |y BK  |k ICR